| 000 | 00635nam a2200217 a 4500 | ||
|---|---|---|---|
| 005 | 20240806064137.0 | ||
| 008 | 010611s1995 es r 000 0 spa d | ||
| 020 | _a8437613345 | ||
| 035 | _aUPN01000108058 | ||
| 049 | _aCG | ||
| 050 | 4 |
_aBF175.4 F4.5 _bF5.58 |
|
| 100 | 1 | _aFlax, Jane | |
| 245 | 1 | 0 |
_aPsicoanálisis y feminismo : _bpensamientos fragmentarios / _cJane Flax ; tr. Carmen Martínez Gimeno. |
| 260 |
_aMadrid : _bCátedra, _c1995. |
||
| 300 | _a384 p. | ||
| 440 | 0 |
_aFeminismos ; _v24 |
|
| 650 | 4 |
_aPsicoanálisis _91572 |
|
| 650 | 4 |
_aFeminismo _98967 |
|
| 650 | 4 |
_aFilosofía moderna _ySiglo XX _98108 |
|
| 905 | _aLibro | ||
| 999 |
_c81970 _d81970 |
||